Detalles MARC
| 000 -LEADER |
| campo de control de longitud fija |
02419cam a22004094i 4500 |
| 003 - IDENTIFICADOR DE NÚMERO DE CONTROL |
| campo de control |
PE-LiUPU |
| 005 - FECHA Y HORA DE LA ÚLTIMA TRANSACCIÓN |
| campo de control |
20251009110823.0 |
| 008 - DATOS DE LONGITUD FIJA--INFORMACIÓN GENERAL |
| campo de control de longitud fija |
2306s2025 sp a rb 001 0 spa d |
| 020 ## - NÚMERO INTERNACIONAL ESTÁNDAR DEL LIBRO |
| Número Internacional Estándar del Libro |
9788411061414 |
| 020 ## - NÚMERO INTERNACIONAL ESTÁNDAR DEL LIBRO |
| Número Internacional Estándar del Libro |
9788411061421 |
| Información calificativa |
(versión digital) |
| 035 ## - NÚMERO DE CONTROL DEL SISTEMA |
| Número de control de sistema |
PE-LiUPU000014 |
| 040 ## - FUENTE DE CATALOGACIÓN |
| Centro catalogador/agencia de origen |
PE-LiUPU |
| Lengua de catalogación |
spa |
| Centro/agencia transcriptor |
PE-LiUPU |
| Normas de descripción |
rda |
| 082 04 - NÚMERO DE LA CLASIFICACIÓN DECIMAL DEWEY |
| Número de clasificación |
616.029 |
| Cutter |
T776 |
| Número de edición |
23 |
| 245 00 - MENCIÓN DEL TÍTULO |
| Título |
Tratado de cuidados paliativos / |
| Mención de responsabilidad, etc. |
directores M. B. Domínguez Fuentes, M. Martín Zamorano, M. E. de la Hoz Adame y V. Rivas Jiménez. |
| 264 #1 - PRODUCCIÓN, PUBLICACIÓN, DISTRIBUCIÓN, FABRICACIÓN Y COPYRIGHT |
| Producción, publicación, distribución, fabricación y copyright |
Madrid, España : |
| Nombre del de productor, editor, distribuidor, fabricante |
Editorial Médica Panamericana, |
| Fecha de producción, publicación, distribución, fabricación o copyright |
2025. |
| 300 ## - DESCRIPCIÓN FÍSICA |
| Extensión |
785 páginas : |
| Otras características físicas |
ilustraciones a color ; |
| Dimensiones |
29 cm |
| Material acompañante/anejo |
1 versión digital. |
| 336 ## - TIPO DE CONTENIDO |
| Término de tipo de contenido |
text |
| Fuente |
rdacontent |
| 337 ## - TIPO DE MEDIO |
| Nombre/término del tipo de medio |
unmediated |
| Fuente |
rdamedia |
| 338 ## - TIPO DE SOPORTE |
| Nombre/término del tipo de soporte |
volume |
| Fuente |
rdacarrier |
| 500 ## - NOTA GENERAL |
| Nota general |
Incluye acceso a versión digital en línea (Mi Eureka). |
| 504 ## - NOTA DE BIBLIOGRAFÍA, ETC. |
| Nota de bibliografía, etc. |
Incluye referencias bibliográficas e índice analítico. |
| 505 0# - NOTA DE CONTENIDO CON FORMATO |
| Nota de contenido con formato |
Generalidades -- Cuidados paliativos en oncología. Terapias de soporte -- Control de síntomas en cuidados paliativos -- Cuidados paliativos en patologías específicas -- Enfermería en cuidados paliativos -- Abordaje psicosocial en cuidados paliativos -- Aspectos éticos y legales al final de la vida -- Índice analítico. |
| 520 ## - RESUMEN, ETC. |
| Sumario, etc. |
Obra integral y multidisciplinaria que aborda los principios, prácticas clínicas, aspectos éticos, legales y psicosociales de los cuidados paliativos. Incluye temáticas sobre atención en enfermedades crónicas avanzadas, dolor, duelo, acompañamiento psicológico, espiritualidad, eutanasia y más. Dirigido a médicos, enfermeros, psicólogos y profesionales de la salud. |
| 650 14 - PUNTO DE ACCESO ADICIONAL DE MATERIA--TÉRMINO DE MATERIA |
| Término de materia o nombre geográfico como elemento de entrada |
Cuidados paliativos |
| Subdivisión general |
Enfermos de cáncer. |
| 9 (RLIN) |
6945 |
| 650 24 - PUNTO DE ACCESO ADICIONAL DE MATERIA--TÉRMINO DE MATERIA |
| Término de materia o nombre geográfico como elemento de entrada |
Medicina paliativa |
| Subdivisión general |
Manuales. |
| 9 (RLIN) |
6941 |
| 650 24 - PUNTO DE ACCESO ADICIONAL DE MATERIA--TÉRMINO DE MATERIA |
| Término de materia o nombre geográfico como elemento de entrada |
Enfermos terminales |
| Subdivisión general |
Cuidados y tratamiento. |
| 9 (RLIN) |
6947 |
| 650 24 - PUNTO DE ACCESO ADICIONAL DE MATERIA--TÉRMINO DE MATERIA |
| Término de materia o nombre geográfico como elemento de entrada |
Psicología clínica. |
| 9 (RLIN) |
1930 |
| 655 #7 - TERMINO DE INDIZACIÓN--GENERO/FORMA |
| Datos o término principal de género/forma |
Manuales. |
| Fuente del término |
rdfs |
| 700 ## - ENTRADA AGREGADA--NOMBRE PERSONAL |
| Nombre de persona |
Domínguez Fuentes, María Belén, |
| Término indicativo de función/relación |
directora. |
| 9 (RLIN) |
7099 |
| 700 ## - ENTRADA AGREGADA--NOMBRE PERSONAL |
| Nombre de persona |
Martín Zamorano, Marina, |
| Término indicativo de función/relación |
directora. |
| 9 (RLIN) |
7100 |
| 700 ## - ENTRADA AGREGADA--NOMBRE PERSONAL |
| Nombre de persona |
De la Hoz Adame, María Eugenia, |
| Término indicativo de función/relación |
directora. |
| 9 (RLIN) |
7101 |
| 700 ## - ENTRADA AGREGADA--NOMBRE PERSONAL |
| Nombre de persona |
Rivas Jiménez, Víctor Joaquín, |
| Término indicativo de función/relación |
director. |
| 9 (RLIN) |
7102 |
| 710 ## - ENTRADA AGREGADA--NOMBRE DE ENTIDAD CORPORATIVA |
| Nombre de entidad corporativa o nombre de jurisdicción como elemento de entrada |
Editorial Médica Panamericana, |
| Término indicativo de función/relación |
editor. |
| 9 (RLIN) |
6616 |
| 856 40 - LOCALIZACIÓN Y ACCESO ELECTRÓNICOS |
| Identificador Uniforme de Recursos |
<a href="https://www.medicapanamericana.com">https://www.medicapanamericana.com</a> |
| Nota pública |
Sitio web de la editorial. |
| 942 ## - ELEMENTOS DE ENTRADA SECUNDARIOS (KOHA) |
| Fuente del sistema de clasificación o colocación |
Clasificación Decimal Dewey |
| Tipo de ítem Koha |
Libros físicos |
| 980 ## - EQUIVALENCIA O REFERENCIA-CRUZADA-MENCIÓN DE SERIE--NOMBRE DE PERSONA/TÍTULO [LOCAL, CANADÁ] |
| ID del usuario creador del registro |
21515 |
| Nombre del creador del registro |
ROMINA COBOS Adquisiciones |
| ID del último usuario que modificó el registro |
18226 |
| Nombre del último usuario que modificó el registro |
Jaime Vilcazán Jefe de Análisis Documental |